Word Ladder: E.M. Forster Novel Quiz Stats

 Plays Quiz Updated Jan 31, 2018

Challenge
Share
Tweet
Embed
Score 0/16 Timer 01:30
0 Plays Today
Clue 4-Letter Answer % Correct
Plant's anchorROOT
97.9%
Sock fillerFOOT
97.9%
'When you ____ upon a star...'WISH
96.9%
Defensive strongholdFORT
94.2%
▣ Chamber ▣“(A) ROOM...
91.2%
Prefix linking -sight, -head and -castFORE
91%
▣ Popular preposition ▣...WITH...
87.6%
Item of crockeryDISH
87.4%
Clue 4-Letter Answer % Correct
LocationSITE
87.4%
Father an heirSIRE
86.3%
Disrespect, in slangDISS
85.8%
ConflagrationFIRE
83.8%
Darth Vader's cadresSITH
82.9%
▣ Scenic sight ▣...(A) VIEW”
74.6%
CompetesVIES
69.3%
___ Irae: 'Day of Wrath' in LatinDIES
68.2%

Today's Daily Dose

You're not logged in!

Compare scores with friends on all Sporcle quizzes.
Join for Free
OR
Log In

You Might Also Like...

Show Comments

Extras

Top Quizzes Today


Score Distribution

Your Account Isn't Verified!

In order to create a playlist on Sporcle, you need to verify the email address you used during registration. Go to your Sporcle Settings to finish the process.

Report this User

Report this user for behavior that violates our Community Guidelines.

Details: